000 01668nam a2200445 c 4500
001 10787
003 ES-MaCES
005 20180131142513.0
008 000711s1999 sz t i000 | eng d
020 _a9221108627
035 _aCES20000008772m
040 _aES-MaCES
_bspa
_cES-MaCES
245 0 0 _aModelling in health care finance
_b: a compendium of quantitative techniques for health care financing
_cMichael Cichon ; a joint technical publication of the International Labour Office (ILO) and the International Social Security Association (ISSA)
250 _a1st ed
260 _aGeneva
_bILO
_c1999
300 _aXIX, 376 p.
_c25 cm
490 1 _aQuantitative methods in social protection series
500 _aÍndices
504 _aBibliografía: p. 358-365
541 _cCompra
650 4 _aasistencia médica
_930272
650 4 _apolítica sanitaria
_929366
650 4 _aseguro de enfermedad
_927039
650 4 _afinanciación de la seguridad social
_930265
650 4 _aadministración de la seguridad social
_930264
650 4 _atoma de decisiones
_928194
650 4 _aanálisis de costes y beneficios
_928281
650 4 _amodelo económico
_927074
650 4 _asimulación
_928888
650 4 _atécnica de predicción
_928900
650 4 _apub OIT
_929033
653 1 0 _aSalud
700 1 _aCichon, Michael
_99645
710 2 _aAsociación Internacional de la Seguridad Social
_91488
710 2 _94718
_aOrganización Internacional del Trabajo
830 0 _aQuantitative methods in social protection series
_933481
902 _aLIB Libro
942 _2CES
_cBK
_h3.1.
999 _c10787
_d10787